| 000 | 00648cam a2200193 a 4500 | ||
|---|---|---|---|
| 001 | 000005154 | ||
| 005 | 20200929151608.0 | ||
| 008 | 991016s2000 mx 000 p spa | ||
| 040 |
_aDO-SdBNP _cDLC _dDLC |
||
| 082 |
_aPR861.6 _bL453a |
||
| 245 | 0 | 0 |
_aAntología de la poesía cósmica de Lolita Lebrón / _cprólogo, Fredo Arias de la Canal. |
| 260 |
_aMéxico : _bFrente de Afirmación Hispanista, _c2000. |
||
| 300 |
_axx, 307 p. ; _c19 cm. |
||
| 650 | 4 |
_aPoesía puertorriqueña _91015 |
|
| 650 | 4 |
_aLiteratura puertorriqueña _9250 |
|
| 700 | 1 |
_aArias de la Canal, Fredo, _epról. _98096 |
|
| 910 | _aCatalogación por copia / LC | ||
| 910 | _aWM | ||
| 999 |
_c4957 _d4957 |
||